Vhodnost, přiměřenost, účinnost a efektivnost systému managementu kvality - jejich vnímání a posuzování
Vymedzenie základných pojmov efektívnosť, účinnosť a výkonnosť. Vnímanie týchto pojmov v českých priemyselných podnikoch.
Salvato in:
| Autore principale: | |
|---|---|
| Natura: | Capitolo di libro |
| Lingua: | ceco |
| Soggetti: | |
| Tags: |
Nessun Tag, puoi essere il primo ad aggiungerne!!
|
MARC
| LEADER | 00000naa a2200000 4500 | ||
|---|---|---|---|
| 001 | 0224197 | ||
| 005 | 20231012072959.2 | ||
| 041 | 0 | |a cze | |
| 044 | |a SK | ||
| 245 | 1 | 0 | |a Vhodnost, přiměřenost, účinnost a efektivnost systému managementu kvality - jejich vnímání a posuzování |c Jaroslav Nenadál |
| 520 | |a Vymedzenie základných pojmov efektívnosť, účinnosť a výkonnosť. Vnímanie týchto pojmov v českých priemyselných podnikoch. | ||
| 610 | 2 | 0 | |a podnik priemyselný |
| 610 | 2 | 0 | |a Česko |
| 610 | 2 | 0 | |a efektívnosť |
| 610 | 2 | 0 | |a výkonnosť |
| 610 | 2 | 0 | |a riadenie kvality |
| 100 | 1 | |a Nenadál, Jaroslav | |